Embedded microcomputer systems : (رقم التسجيلة. 26737)

تفاصيل مارك
000 -الفاتح
حقل البيانات ثابتة الطول 01611cam a22003977a 4500
001 - رقم الضبط
رقم الضبط 14196551
003 - محدد رقم الضبط
رقم الضبط OSt
005 - وقت وتاريخ اخر تعامل مع التسجيلة
رقم الضبط 20150408114109.0
008 - عناصر البيانات ثابتة الطول - معلومات عامة
حقل البيانات ثابتة الطول 051212s2012 at a 001 0 eng d
010 ## - رقم ضبط مكتبة الكونجرس
رقم ضبط مكتبة الكونجرس 2005938475
020 ## - الرقم الدولى المعيارى للكتب
الرقم الدولى المعيارى للكتاب 0534551629
020 ## - الرقم الدولى المعيارى للكتب
الرقم الدولى المعيارى للكتاب 9781111426262
020 ## - الرقم الدولى المعيارى للكتب
الرقم الدولى المعيارى للكتاب 9780534551629
035 ## - رقم ضبط النظام
رقم ضبط النظام (OCoLC)ocm65555253
040 ## - مصدر الفهرسة
وكالة الفهرسة الأصلية IXA
وكالة النسخ IXA
وكالة التعديل BAKER
-- YDXCP
-- DLC
042 ## - رمز التحقق
رمز التحقق lccopycat
050 00 - رقم طلب مكتبة الكونجرس
رقم التصنيف TK7895.E42
رقم المادة V35 2007
082 00 - رقم تصنيف ديوى العشرى
رقم التصنيف 004.16
رقم الطبعة 22
رقم المادة VJE
100 1# - المدخل الرئيسى - إسم شخصى
الإسم الشخصى Valvano, Jonathan W.,
التواريخ المصاحبة للاسم 1953-
9 (RLIN) 19319
245 10 - بيان العنوان
العنوان Embedded microcomputer systems :
بقية العنوان real time interfacing /
بيان المسئوليه,etc Jonathan W. Valvano.
250 ## - بيان الطبعة
بيان الطبعة 3rd ed..
260 ## - PUBLICATION, DISTRIBUTION, ETC. (IMPRINT)
مكان الناشر او الموزع Southbank, Victoria, Australia :
اسم الناشر او الموزع Thomson,
تاريخ النشر أو التوزيع c2012.
300 ## - الوصف المادى
التعداد xviii, 814 p. :
تفاصيل ماديه اخرى للوعاء ill. ;
أبعاد الوعاء 26 cm. +
المادة المصاحبة 1 CD-ROM (4 3/4 in.)
500 ## - تبصرة عامة
تبصرة عامة Includes index.
538 ## - تبصرة تفاصيل النظام
تبصرة التفاصيل الفنية لملف الحاسب System requirements: Pentium III or compatible CPU; 128MB of RAM, 30MB free hard disk space; WindowsXP or 2000 with Internet Explorer 6.
650 #0 - المدخل الاضافى بالموضوع-مصطلح موضوعى
مصطلح موضوعي أو اسم جغرافي كعنصر مدخل Embedded computer systems.
9 (RLIN) 4771
650 #0 - المدخل الاضافى بالموضوع-مصطلح موضوعى
مصطلح موضوعي أو اسم جغرافي كعنصر مدخل Microprocessors.
9 (RLIN) 19320
650 #0 - المدخل الاضافى بالموضوع-مصطلح موضوعى
مصطلح موضوعي أو اسم جغرافي كعنصر مدخل Computer interfaces.
9 (RLIN) 18312
856 42 - الوصول و الموقع الالكترونى
مواد محددة Contributor biographical information
معرف المصدر الموحد <a href="http://www.loc.gov/catdir/enhancements/fy1104/2005938475-b.html">http://www.loc.gov/catdir/enhancements/fy1104/2005938475-b.html</a>
856 42 - الوصول و الموقع الالكترونى
مواد محددة Publisher description
معرف المصدر الموحد <a href="http://www.loc.gov/catdir/enhancements/fy1104/2005938475-d.html">http://www.loc.gov/catdir/enhancements/fy1104/2005938475-d.html</a>
856 41 - الوصول و الموقع الالكترونى
مواد محددة Table of contents only
معرف المصدر الموحد <a href="http://www.loc.gov/catdir/enhancements/fy1215/2005938475-t.html">http://www.loc.gov/catdir/enhancements/fy1215/2005938475-t.html</a>
906 ## - عنصر بيانات محلى F, LDF (RLIN)
a 7
b cbc
c copycat
d 2
e ncip
f 20
g y-gencatlg
942 ## - عناصر المدخل الإضافي( كوها)
مصدر التصنيف او مخطط الترفيف Dewey Decimal Classification
Koha [default] item type DVD
المقتنيات
حالة الفقد نموذج السعر الفعال حالة تلف ليس للاعارة رقم الطلب تاريخ الاكتساب الموقع الحالي الباركود الفرع الرئيسي Date last seen نوع المادة فى نظام كوها مصدر التصنيف او خطة الترفيف Total Checkouts
  2013-03-10     004.16 VJE 2012-12-30 المكتبة المركزية بالمجمعة (CL) 00401099 المكتبة المركزية بالمجمعة (CL) 2013-03-10 كتاب Dewey Decimal Classification  
  2013-03-10     004.16 VJE 2013-01-01 المكتبة المركزية بالمجمعة (CL) 00401643 المكتبة المركزية بالمجمعة (CL) 2013-03-10 كتاب Dewey Decimal Classification  
  2013-03-10     004.16 VJE 2013-01-01 المكتبة المركزية بالمجمعة (CL) 00401642 المكتبة المركزية بالمجمعة (CL) 2013-03-10 كتاب Dewey Decimal Classification